Statistiques concernant Culture Générale - Série 773

Cliquez ici pour prendre le quiz!

Statistiques générales

  • Ce quiz a été pris 162 fois
  • Le résultat moyen est 4 sur 10

Statistiques - réponses

QuestionRéponse% Correct
A quel pays appartient l'État de Hawaii ?États-Unis
96%
Quel roman d'Albert Camus porte le nom d'une très grave maladie contagieuse ?La Peste
91%
Quel fleuve arrose la ville italienne de Florence ?Arno
53%
Les Allemands ont appelé cette étrange lucarne "qu'est-ce que c'est"vasistas
52%
Dans quel sport parle-t-on de stem ?ski
39%
Sous quel nom connait-on mieux le serpent "eunecte" ?anaconda
34%
Quelle est le nom de la rivière qui arrose Berne ?Aar
26%
En 1995, quel film de Jean-Marie Poiré met en scène le duo Clavier-Depardieu ?Les Anges gardiens
18%
Que désigne le mot couscous en dehors du plat traditionnel d'Afrique du Nord ?oiseau
12%
Sous quel nom connait-on mieux le moêre néerlandais ?polder
12%

Distribution des résultats

Percentile par nombre de réponses

% des personnes avec chaque résultat

Votre développement - résultats

Vous n’avez pas pris ce quiz